000 01163nam a2200337 i 4500
005 20220317001540.0
007 ta
008 210825q2015 ck jr 000 pdspa d
020 _a9789585839298
040 _aCO-BoRNBP
_bspa
_cCO-BoRNBP
_erda
041 0 _aspa
084 _aP HAH1
100 1 _aHahn, Oscar
_d1938-
_eautor
245 1 4 _aLos espejos comunicantes
_cÓscar Hahn
264 1 _aBogotá
_bVisor Libros
_c[2015]
300 _a80 páginas
_c19 cm
336 _atexto
_btxt
_2rdacontent
337 _asin mediación
_bn
_2rdamedia
338 _avolumen
_bnc
_2rdacarrier
490 0 _aColección Visor de Poesía
_aColección Visor Libros Colombia
_v10
521 _aRecomendado para un público adulto
545 _aIncluye datos biográficos del autor al final del texto
586 _aXXVII Premio Internacional de Poesía, Fundación Loewe
650 1 7 _aPoesía juvenil chilena
_ySiglo XX
_2LEMB
650 1 7 _aLiteratura juvenil chilena
_ySiglo XX
_2LEMB
650 1 7 _aAutores chilenos
_ySiglo XX
_2LEMB
650 1 7 _aEmociones
_vPoesía
_2LEMB
650 1 7 _aAmor
_vPoesía
_2LEMB
650 1 7 _aSoledad
_vPoesía
_2LEMB
942 _2loc
_cBKLIT
999 _c7323
_d7323